<Das> neuzeitliche Rechnungswesen Handbuch für Buchführung, Betriebsabrechnung und Kostenrechnung
Uložené v:
| Médium: | Kniha |
|---|---|
| Jazyk: | German |
| Vydavateľské údaje: |
Hamburg
Hanseatische Verlagsanstalt
1939
|
| Tagy: |
Žiadne tagy, Buďte prvý, kto otaguje tento záznam!
|
MARC
| LEADER | 00000nam a2200000 4500 | ||
|---|---|---|---|
| 001 | 0267901 | ||
| 005 | 20240822101711.0 | ||
| 041 | 0 | |a ger | |
| 044 | |a DE | ||
| 245 | 1 | 0 | |a <Das> neuzeitliche Rechnungswesen |b Handbuch für Buchführung, Betriebsabrechnung und Kostenrechnung |c Julius Greifzu |
| 264 | 1 | |a Hamburg |b Hanseatische Verlagsanstalt |c 1939 | |